Quiz Départements Nouvelle-Aquitaine - Statistiques

Statistiques générales
  • Ce quiz a été pris 71 fois
  • Le résultat moyen est 8 sur 12
Statistiques - réponses
Question Réponse % Correct
(Régions) se trouvant des les Pyrénées-Atlantiques Béarn et Pays Basque
92%
Dune en Gironde près d'Arcachon Dune du Pilat
92%
Parc d'attraction Futuriste dans le département de la Vienne Futuroscope
92%
Grotte de Dordogne découverte par 4 adolescents en été 1940 Lascaux
92%
Arbre emblématique des Landes Pin
92%
Zoo de Charente-Maritime fondé par Claude Caillé Zoo de la Palmyre
92%
Plus grande ville de Corrèze Brive-la-Gaillarde
83%
Lieux de loisirs proche de Guéret dans la Creuse Loups de Chabrières et Labyrinthe Géant
67%
Lieu de Massacre par les nazis le 10 Juin 1944 en Haute-Vienne Oradour-sur-Glane
67%
Commune de Charente, lieu de naissance et d'inhumation de François Mitterrand Jarnac
58%
Mines situé à Melle dans les Deux-Sèvres Mines d'Argent des Rois Francs
8%
Laboratoires pharmaceutiques crée a Agen dans le Lot-et-Garonne UPSA
8%
Aucun quiz correspondant
Distribution des résultats
% des personnes avec chaque résultat
Percentile par nombre de réponses
Votre historique - résultats
Vous n’avez pas pris ce quiz